La comunidad /

En filosofía política, suele abordarse el dilema que enfrenta la prioridad del individuo a la primacía del grupo. ¿Se puede pensar la comunidad dándoles más importancia a los otros que a los nuestros? ¿Es posible que nadie quede afuera? Darío Sztajnszrajber busca respuestas y encuentra más preguntas...

Descripción completa

Guardado en:
Autor Principal: Sztajnszrajber, Darío
Autores Corporativos: Canal Encuentro., Mulata films.
Formato: Deslizar
Publicado: Argentina : Canal Encuentro, 2012.
Series:Mentira La Verdad - Temporada II
Materias:
Etiquetas: Agregar Etiqueta
Sin Etiquetas, Sea el primero en etiquetar este registro!
LEADER 02054ngm a22002775g 4500
001 CEM.cems023322
008 130507s2012##################0###0#####d
005 20250305180303.0
245 1 0 |a La comunidad /  |c Darío Sztajnszrajber. 
260 |a Argentina :  |b Canal Encuentro,  |c 2012. 
300 |a 28'. 
490 0 |a Mentira La Verdad - Temporada II 
520 |a En filosofía política, suele abordarse el dilema que enfrenta la prioridad del individuo a la primacía del grupo. ¿Se puede pensar la comunidad dándoles más importancia a los otros que a los nuestros? ¿Es posible que nadie quede afuera? Darío Sztajnszrajber busca respuestas y encuentra más preguntas: ¿Cómo resignificar la comunidad desde la apertura? -- Estamos acostumbrados a tener una particular mirada sobre el mundo y, en ocasiones, nuestra forma de pensar nos parece inobjetable. Sin embargo, ¿qué sustenta nuestras ideas? ¿Hay una sola forma de pensar la realidad o el estado de las cosas? Con el discurso filosófico como aliado, Darío Sztajnszrajber desarrolla, problematiza y pone en tensión diferentes supuestos sobre la historia, la belleza, el amor, la felicidad, la identidad y otros temas. Mentira la verdad, un programa hecho para jóvenes, pero para consumir a toda edad; una propuesta para reflexionar sobre lo que respalda nuestros juicios de valor, pero también para pensar las razones que, a lo largo de los años, han hecho visibles algunos hechos sobre otros y han sustentado las historias que nos cuentan sobre un país, una región, una sociedad. 
500 |a Consultar en ventanilla. 
538 |a Soporte: DVD - Color: Si - Grabación DRD. 
590 |a Identificación anterior registrada en SIABUC: D116B 
100 1 |a Sztajnszrajber, Darío 
710 2 |a Canal Encuentro. 
710 2 |a Mulata films. 
082 1 0 |/ SZT-2 
653 |a FILOSOFIA 
653 |a SOCIEDAD 
653 |a COMUNIDAD 
653 |a MENTIRA LA VERDAD 
653 |a SERIE DE TELEVISIÓN 
859 |a CEMS  |b BIB. CEMS - Depto. Recursos Didacticos  |h 100  |i SZT-2  |k DRD  |p 1965.15  |t Ej.1